|
|
|
|
| LEADER |
00000nam0a2200000 4500 |
| 001 |
347088 |
| 005 |
20231102005947.0 |
| 035 |
|
|
|a (RuTPU)RU\TPU\book\378973
|
| 035 |
|
|
|a RU\TPU\book\304962
|
| 090 |
|
|
|a 347088
|
| 100 |
|
|
|a 20220204d1981 k y0rusy50 ca
|
| 101 |
0 |
|
|a rus
|
| 102 |
|
|
|a RU
|
| 105 |
|
|
|a a z 001zy
|
| 200 |
0 |
|
|a Т. 2 : Расчет и исследование поршневых компрессоров с использованием ЭВМ
|f П. И. Пластинин
|g под ред. А. А. Беленького
|
| 210 |
|
|
|d 1981
|
| 215 |
|
|
|a 168 с.
|c ил.
|
| 320 |
|
|
|a Библиогр.: с. 145-167
|
| 461 |
|
|
|x 0202-7593
|t Насосостроение и компрессоростроение. Холодильное машиностроение
|f Академия наук СССР (АН СССР), Всесоюзный институт научной и технической информации (ВИНИТИ)
|v Т. 2 : Расчет и исследование поршневых компрессоров с использованием ЭВМ
|d 1977-
|s Насосостроение и компрессоростроение. Холодильное машиностроение
|
| 606 |
1 |
|
|a Компрессорные машины
|2 stltpush
|3 (RuTPU)RU\TPU\subj\15057
|9 41355
|
| 606 |
1 |
|
|a Насосостроение
|2 stltpush
|3 (RuTPU)RU\TPU\subj\44940
|9 64208
|
| 610 |
1 |
|
|a поршневые компрессоры
|
| 610 |
1 |
|
|a математическое моделирование
|
| 610 |
1 |
|
|a рабочие циклы
|
| 610 |
1 |
|
|a рабочие процессы
|
| 610 |
1 |
|
|a схематизация
|
| 610 |
1 |
|
|a теплообмен
|
| 610 |
1 |
|
|a газообмен
|
| 675 |
|
|
|a 621.51
|v 3
|
| 675 |
|
|
|a 621.65.002
|v 3
|
| 700 |
|
1 |
|a Пластинин
|b П. И.
|
| 702 |
|
1 |
|a Беленький
|b А. А.
|4 340
|
| 801 |
|
1 |
|a RU
|b 63413507
|c 20150121
|
| 801 |
|
2 |
|a RU
|b 63413507
|c 20220204
|g RCR
|
| 942 |
|
|
|c BK
|